000 01877nam a22005057a 4500
003 OSt
005 20230327093759.0
008 221006b |||||||| |||| 00| 0 eng d
040 _cBiblioteca Lado V
082 _a701.1
_bS744a
100 _9795
_aSrendni de Birbragher, Celia
_eeditora
_edirectora
245 _aArtNexus/
_bEl nexo entre America Latina y el resto del mundo/
260 _bAsociación de Revistas Culturales
_c2009
_aU.S.A.
_aColombia
300 _c21x28cm
_a164p.
366 _espa
490 _a72
_v8
_x0120 713 X
505 _tRosangela Rennó
505 _tFundacion Proa
505 _tAlexandre Arrechea
_aEl dialogo emergente de la identidad social
505 _tBienales asiaticas
_aEntrevista a Hans-Michael Herzog
505 _tMatilde Marin
_aLa belleza posible
505 _tPainted
505 _tBeatriz Daza
505 _tSalón Nacional de Artistas Colombia
505 _tToulouse Lautrec
505 _tSotheby's Christie's
505 _tDamian Ortega
_aCampo Visual
505 _tCronicas
505 _tExposiciones colectivas
505 _tReseñas de Libros
505 _tGuía de galerías y museos
505 _tLibros y Catalogos
505 _tLibros para la venta
650 _2Tesauro de Arte & Arquitectura
_aARTE
_9703
650 _2Tesauro de Arte & Arquitectura
_aEXPOSICIONES
650 _2Tesauro de Arte & Arquitectura
_aESCULTURA
650 _2Tesauro de Arte & Arquitectura
_aBIENAL
650 _2Tesauro de Arte & Arquitectura
_aAPRECIACION
650 _2Tesauro de Arte & Arquitectura
_aTEORIA
650 _2Tesauro de Arte & Arquitectura
_aCRITICA
650 _2Tesauro de Arte & Arquitectura
_aFOTOGRAFIA
_9702
650 _2Tesauro de Arte & Arquitectura
_aLITERATURA
651 _2Tesauro de Arte & Arquitectura
_aCOLOMBIA
942 _2ddc
_c1
_h701.1
_iS744a
_n0
999 _c3295
_d3295